|
|
แสดงรายละเอียดบรรณานุกรม |
|
|
Brief Record
: Get Marc (ISO 2709)
: E-mail record
: |
|
|
| LEADER 00000nama 2200000uu 4500 | |||
| 008 040531s1995 th m m a000 0 tha d | |||
| 020 069-716-076-9 | |||
| 041 eng | |||
| 050 QS4 V217h 1995 | |||
| 100 Van De Graaff,Kent M. | |||
| 245 Human : anatomy & physiology 001 | |||
| 250 4 | |||
| 260 Dubuque,IA WCB 1995 | |||
| 300 1002 p. | |||
| 650 Anatomy Physiology | |||
| 998 1999-08-16 | |||
| คุณยังไม่ได้ล็อกอิน คุณสามารถมีกิจกรรมร่วมกับเว็บไซต์ได้ แต่ต้องล็อกอินก่อน :: |
|
| สถานะ | |||||||||
| 1. | หนังสือทั่วไป | QS4 V217h 1995 | On Shelf ขอยืม | ||||||
| 2. | หนังสือทั่วไป | QS4 V217h 1995 | On Shelf ขอยืม | ||||||
| [แสดง 2/2 รายการ] | |||||||||
| รายการใกล้เคียง หัวเรื่อง [Anatomy Physiology] |
BibComment |
| คอมเมนท์ทรัพยากรรายการนี้ |
|
|